| 000 | 00000nas 2200000za 4500 |
| 001 | 9.822487 |
| 003 | CaOODSP |
| 005 | 20221107143705 |
| 007 | cr ||||||||||| |
| 008 | 150812d20072010oncar p o f0 e0chi|d |
| 020 | |z978-0-662-03320-2 |
| 040 | |aCaOODSP|bfre |
| 043 | |an-cn--- |
| 086 | 1 |aT1-20Ch-PDF|zT22-131/2008Ch-PDF |
| 245 | 00|a[Nouvelle de la porte et du corridor] |h[ressource électronique]. |
| 260 | |a[Ottawa] : |bTransports Canada |
| 310 | |aAnnuel |
| 362 | 0 |a[Printemps] 2007-printemps 2010. |
| 500 | |aPubli. aussi en anglais, français, coréenne, vietnamien et japonais. |
| 500 | |aTitre français fourni par l’éditeur. |
| 546 | |aTexte en chinois simplifié et chinois traditionnel. |
| 692 | 07|2gccst|aExpédition |
| 692 | 07|2gccst|aCommerce extérieur |
| 710 | 1 |aCanada. |bTransports Canada. |
| 775 | 08|tNouvelles de la porte et du corridor |w(CaOODSP)9.502337 |
| 791 | |t[Gateway corridor news] |eeng|w(CaOODSP)9.822486 |